000 00619nam a2200205Ia 4500
005 20250508150849.0
008 008 250505s9999 xx 000 0 eng d
037 _aTextual
040 _aFEDL
_beng
_cFEDL
041 _aeng
_2eng
084 _a016.407, COL
_qFEDL
100 _aColeman Algernon
_9757857
245 0 _aAnalytical bibliography of modern language teaching 1932-1937. Vol 2
260 _aChicago, USA
_bThe University of Chicago Press
_c1938
300 _axviii,561p.
365 _aINR
_b26
650 _aBibliographies
942 _cTEXL
_h016.407, COL
999 _c1326174
_d1326174